000 00671nam a22002177a 4500
005 20170124110206.0
010 _aB-081484
020 _c00.00
_a8185733457
035 _aB-081484
037 _bCen Lib/Ret
040 _aDPL
_bEN
082 _a155.9042
_bSUB
100 _aSubramaniam, S. K.
_937431
245 _aStress :
_cby S. K. Subramaniam
_bcauses, prevention and cure /
260 _aChandigarh
_bAbhishek Publications
_c2002
270 _bChandigarh
_aS.C.O. 57-59, Sector 17-C
_e160017
300 _a303p.
_c21cm(Hb)
650 _aStress (Psychology)
_937432
650 _aStress, Psychological
_937433
942 _2ddc
_cEN
_h155.9042
_mSUB
999 _c133275
_d133275